000 00687nam a22002297a 4500
001 BD-DhSAU 815
003 BD-DhSAU
005 20150106231838.0
008 150106b xxu||||| |||| 00| 0 eng d
020 _a8171321445
040 _aBD-DhSAU
082 _222
_a307.1412
_bRUR
245 _aRural development and poverty alleviation /
_bEdited by Subah Singh Yadav and Ram Kumar Gurjar
260 _aJaipur :
_bPointer publishers ;
_c1997.
300 _axv, 309 p.:
_bill. ,
_c22 cm.
440 _aInfrastructure to rural development /
_nvol. 1
590 _aIMRAN
650 _aEconomics
650 _aRural development
700 _aYadav,Subah Singh
700 _a Gurjar,Ram Kumar
942 _2ddc
_cBOOK
999 _c815
_d815